000 01725cam a2200265 4500500
005 20260111092557.0
041 _afre
042 _adc
100 1 0 _aMorales, Xavier
_eauthor
245 0 0 _aParler de Dieu au fil du concept de l'aventure suivant Bernard Forthomme
260 _c2015.
500 _a91
520 _aCet article veut montrer que l’itinéraire du héros du livre de Malègue, qui perd sa foi chrétienne sous l’influence de la critique biblique, traverse une longue période d’agnosticisme puis renaît à la foi avec l’aide d’un ami prêtre, correspond point par point à l’article « Histoire et Dogme » de M. Blondel, dans lequel le philosophe montre les impasses de la pensée dans la crise moderniste, et le chemin pour les dépasser.
520 _aThis article wishes to show that the itinerary of the hero of Malègue’s book, who loses his Christian faith under the influence of biblical criticism, passes through a long period of agnosticism and then is reborn to the faith with the help of a priest friend, corresponds point by point with the article “History and Dogma” of M. Blondel, in which the philosopher shows the blind alleys of thought in the modernist crisis, and the way to get around them.
690 _aaventure
690 _aB. Forthomme
690 _acommunion trinitaire
690 _athéologie fondamentale
690 _aadventure
690 _aB. Forthomme
690 _afundamental theology
690 _atrinitarian communion
786 0 _nNouvelle revue théologique | 137 | 1 | 2015-01-08 | p. 121-129 | 0029-4845
856 4 1 _uhttps://shs.cairn.info/revue-nouvelle-revue-theologique-2015-1-page-121?lang=fr&redirect-ssocas=7080
999 _c1623939
_d1623939